<?xml version="1.0" encoding="UTF-8"?>
<record
    xmlns:xsi="http://www.w3.org/2001/XMLSchema-instance"
    xsi:schemaLocation="http://www.loc.gov/MARC21/slim http://www.loc.gov/standards/marcxml/schema/MARC21slim.xsd"
    xmlns="http://www.loc.gov/MARC21/slim">

  <leader>00215nam a2200085   4500</leader>
  <controlfield tag="001">1235327</controlfield>
  <controlfield tag="005">20250930124143.0</controlfield>
  <datafield tag="245" ind1=" " ind2=" ">
    <subfield code="a">TUHAF &#x15E;EYLER &#x130;LG&#x130;N&#xC7; &#x130;NSAN V&#xDC;CUDU</subfield>
    <subfield code="c">&#x15E;EBNEM P&#x130;&#x15E;K&#x130;N</subfield>
  </datafield>
  <datafield tag="260" ind1=" " ind2=" ">
    <subfield code="b">&#xC7;OCUK GEZEGEN&#x130;</subfield>
  </datafield>
  <datafield tag="999" ind1=" " ind2=" ">
    <subfield code="c">1235327</subfield>
    <subfield code="d">1235327</subfield>
  </datafield>
  <datafield tag="952" ind1=" " ind2=" ">
    <subfield code="0">0</subfield>
    <subfield code="1">0</subfield>
    <subfield code="2">ddc</subfield>
    <subfield code="4">0</subfield>
    <subfield code="7">0</subfield>
    <subfield code="a">1006</subfield>
    <subfield code="b">1006</subfield>
    <subfield code="d">2025-09-30</subfield>
    <subfield code="l">0</subfield>
    <subfield code="p">1006300152</subfield>
    <subfield code="r">2025-09-30 12:42:20</subfield>
    <subfield code="w">2025-09-30</subfield>
    <subfield code="y">BK</subfield>
  </datafield>
</record>
